Christian sharing of possessions / (Record no. 1684)

MARC details
000 -LEADER
fixed length control field 00748cam a22002651a 4500
001 - CONTROL NUMBER
control field 8900449
003 - CONTROL NUMBER IDENTIFIER
control field GBCCL
005 - DATE AND TIME OF LATEST TRANSACTION
control field 20241126110407.0
008 - FIXED-LENGTH DATA ELEMENTS--GENERAL INFORMATION
fixed length control field 870224s1961 tnu 000 0 eng
010 ## -
-- 61011006
035 ## - SYSTEM CONTROL NUMBER
System control number (OCoLC)15231073
040 ## - CATALOGING SOURCE
Original cataloging agency DLC
Transcribing agency TCT
Modifying agency DLC
042 ## -
-- premarc
050 00 -
-- BV772
-- .U8
082 ## - DEWEY DECIMAL CLASSIFICATION NUMBER
Classification number 248.5
Item number USS
100 1# - MAIN ENTRY--PERSONAL NAME
Personal name Ussery, Annie Wright
9 (RLIN) 3457
245 10 - TITLE STATEMENT
Title Christian sharing of possessions /
Statement of responsibility, etc. Annie Wright Ussery.
260 ## - PUBLICATION, DISTRIBUTION, ETC.
Place of publication, distribution, etc. Nashville, Tenn. :
Name of publisher, distributor, etc. Convention Press,
Date of publication, distribution, etc. 1961.
300 ## - PHYSICAL DESCRIPTION
Extent 141 p. ;
Dimensions 19 cm.
650 #0 - SUBJECT ADDED ENTRY--TOPICAL TERM
Topical term or geographic name entry element Christian giving
9 (RLIN) 3458
650 #0 - SUBJECT ADDED ENTRY--TOPICAL TERM
Topical term or geographic name entry element Tithes
9 (RLIN) 3459
650 #0 - SUBJECT ADDED ENTRY--TOPICAL TERM
Topical term or geographic name entry element Christian stewardship
9 (RLIN) 3460
906 ## - LOCAL DATA ELEMENT F, LDF (RLIN)
a 7
b cbc
c oclcrpl
d u
e ncip
f 19
g y-gencatlg
942 ## - ADDED ENTRY ELEMENTS (KOHA)
Source of classification or shelving scheme Dewey Decimal Classification
Koha item type Books
Koha issues (borrowed), all copies 1
Holdings
Withdrawn status Lost status Source of classification or shelving scheme Damaged status Not for loan Home library Current Library Shelving location Date acquired Total checkouts Full call number Barcode Date last seen Date last checked out Copy number Price effective from Koha item type
    Dewey Decimal Classification     GRACE BIBLE COLLEGE GRACE BIBLE COLLEGE Ministry & Mission 2017-05-11 1 248.5 USS 008313 2025-05-01 2023-08-25 c.1 2017-05-11 Books
© Grace Bible College Library 2025